| 000 | 00563pab a2200193 454500 | ||
|---|---|---|---|
| 008 | 180718b2005 xxu||||| |||| 00| 0 eng d | ||
| 100 | _aAkin, John | ||
| 245 | _aDecentralisation and government provision of public goods: the public health sector in Uganda | ||
| 260 | _c2005 | ||
| 300 | _ap.1417-443. | ||
| 362 | _aNov | ||
| 650 | _aDecentralization - Uganda | ||
| 650 | _aHealth services - Uganda | ||
| 650 | _aHealth services | ||
| 700 | _aStrumpf, Koleman | ||
| 700 | _aHutchinson, Paul | ||
| 773 | _aJournal of Development Studies | ||
| 909 | _a68176 | ||
| 999 |
_c68176 _d68176 |
||